[Event "XLI Barbera del Valles Open 2018"]
[Site "Barbera del Valles"]
[Date "2018.07.04"]
[Round "1"]
[White "Ortiz Suarez, Isan Reynaldo"]
[Black "Bray, Daniel Jose Freire"]
[Result "1-0"]
[WhiteElo "2548"]
[BlackElo "2194"]
[Annotator "TA"]
[PlyCount "57"]
[EventDate "2018.07.04"]
[EventType "swiss"]
[EventCountry "ESP"]
[SourceTitle "playchess.com"]
[Source "ChessBase"]
[SourceQuality "1"]

{[%evp 17,57,70,52,64,93,88,97,100,92,70,96,77,169,160,160,171,317,184,204,218,693,685,630,426,882,879,833,770,677,671,675,643,585,506,750,753,1447,1447,1338,1395,1202,1199]} 1. e4 c5 2. Nf3 d6 3. d4 cxd4 4. Nxd4 Nf6 5. Nc3 a6 6. Bg5 e6 7. f4 Qb6 8. Qd3 Be7 {B97: Sizilianisch (Najdorf-Variante)} (8... Qxb2 9. Rb1 Qa3 10. f5 Be7 11. fxe6 fxe6 12. Be2 Qa5 13. Bd2 Qc7 14. g4 h6 15. Rg1 Bd7 16. g5 hxg5 17. Rxg5 {1-0 (59) Caruana,F (2808)-Nakamura,H (2785) Stavanger 2017 CBM 179 [Yermolinsky,A]}) 9. O-O-O Nbd7 {LiveBook: 3 Partien} 10. Be2 Qc5 $146 {Weiß steht etwas besser.} ({Vorgänger:} 10... Qc7 11. Qg3 h6 12. Bh4 O-O 13. Bf3 Nb6 14. Rhe1 Nc4 15. Rd3 Nh7 16. Bxe7 Qxe7 {½-½ (78) Solodovnichenko,Y (2622)-Lederman,L (2266) Rome 2011}) 11. Bf3 h6 12. Bxf6 Nxf6 13. g4 g5 {[#]} 14. f5 $1 Bd7 (14... Rg8 $16) 15. fxe6 $18 fxe6 {[#]} 16. e5 $1 {[%mdl 512]} Qxe5 (16... dxe5 $142 17. Qg6+ Kf8) 17. Bxb7 (17. Rhe1 $142 Qf4+ 18. Kb1) 17... Rb8 18. Bc6 $40 {[%mdl 128] Weiss will per K.O. gewinnen.} Nxg4 $2 (18... Rb4 19. Rhe1 Qf4+ 20. Kb1 Rxd4 21. Bxd7+ Kxd7 22. Qxd4 Qxd4 23. Rxd4 d5) 19. Rhe1 {Weiß steht klar auf Gewinn.} Qf4+ 20. Kb1 {Und weiter mit Dg6+ wäre nett.} Ne5 (20... Bxc6 $142 21. Nxc6 Nf2) 21. Bxd7+ Kxd7 22. Qxa6 Rhc8 23. Qa4+ Nc6 24. Rxe6 Bf6 {[%cal Rf6d4]} 25. Re4 Qf2 26. Ndb5 {[%csl Gb5][%cal Rd1d6]} Qxh2 27. Nxd6 Qxd6 28. Rxd6+ Kxd6 29. Qc4 {Precision: Weiß = 70%, Schwarz = 14%.} 1-0

[Event "XLI Barbera del Valles Open 2018"]
[Site "Barbera del Valles"]
[Date "2018.07.04"]
[Round "1"]
[White "Martinez Alcantara, Jose Eduardo"]
[Black "Ros Alonso, Jaume"]
[Result "1-0"]
[WhiteElo "2545"]
[BlackElo "2188"]
[Annotator "TA"]
[PlyCount "77"]
[EventDate "2018.07.04"]
[EventType "swiss"]
[EventCountry "ESP"]
[SourceTitle "playchess.com"]
[Source "ChessBase"]
[SourceQuality "1"]

{[%evp 25,77,28,28,27,35,25,27,6,20,7,13,7,38,36,38,46,30,29,29,17,27,0,0,0,0,-18,32,24,31,22,29,25,25,28,18,8,128,124,104,68,209,207,421,423,388,270,545,539,1063,975,1044,1052,1052,1031]} 1. e4 c5 2. Nf3 e6 3. d4 cxd4 4. Nxd4 a6 5. Bd3 Bc5 6. Nb3 Ba7 7. Qe2 Nc6 8. Be3 d6 9. O-O Nge7 {B42: Sicilian: Kan Variation: 5 Bd3} (9... Nf6 10. c4 e5 11. Nc3 Be6 12. Bxa7 Rxa7 13. Rfd1 O-O 14. Qe3 Qb8 15. Be2 b6 16. Rd2 Rd8 17. Rad1 Rb7 {1-0 (46) Safarli,E (2641)-Pantsulaia,L (2585) Kocaeli 2017}) 10. Bxa7 Rxa7 11. c4 O-O 12. Nc3 e5 13. Rfd1 Be6 {LiveBook: 26 Games} 14. Qd2 Qb8 15. Be2 Rd8 16. a4 $146 ({Predecessor:} 16. Nd5 b5 17. cxb5 axb5 {0-1 (40) Yu,H (2087)-Muzychuk,M (2278) Batumi 2006}) 16... b6 17. Nd5 Rb7 18. Rac1 Ng6 19. Rc3 f6 20. h3 Kh8 21. Bg4 Nf8 {[%cal Bg6f8,Bf8e6,Be6d4][%mdl 32]} 22. Qe2 Qc8 23. Rg3 Bxg4 24. hxg4 Ne6 25. Qe3 Ncd4 26. Nxd4 Nxd4 27. b3 {[%cal Bb2b3,Bb3b4][%mdl 32]} b5 28. cxb5 axb5 29. a5 Qc2 30. Re1 Qa2 (30... b4 $1 $11 {remains equal.}) 31. b4 $16 Rc8 32. Kh2 Rc2 {[#]} (32... Qb2 $14) 33. Rc1 $1 $18 Rb8 $2 (33... h6) 34. Rxc2 Qxc2 35. Rh3 Ne6 $2 (35... Ra8 36. Ne7 g5) 36. a6 {White is clearly winning.} Qa2 37. Qa7 Rf8 38. Qe7 Qxa6 39. Qxe6 {Precision: White = 65%, Black = 35%.} 1-0

[Event "XLI Barbera del Valles Open 2018"]
[Site "Barbera del Valles"]
[Date "2018.07.04"]
[Round "1"]
[White "Karthik Venkataraman"]
[Black "Perez Campos, Adria"]
[Result "1/2-1/2"]
[WhiteElo "2514"]
[BlackElo "2207"]
[Annotator "ChessBase"]
[PlyCount "142"]
[EventDate "2018.07.04"]
[EventType "swiss"]
[EventCountry "ESP"]
[SourceTitle "playchess.com"]
[Source "ChessBase"]
[SourceQuality "1"]
[TimeControl "5400+30"]

1. e4 {[%emt 0:00:00]} c5 {[%emt 0:05:02]} 2. Nf3 {[%emt 0:00:00]} d6 {[%emt 0:00:12]} 3. d4 {[%emt 0:00:00]} cxd4 {[%emt 0:00:09]} 4. Nxd4 {[%emt 0:00:00]} Nf6 {[%emt 0:00:10]} 5. Nc3 {[%emt 0:00:00]} g6 {[%emt 0:00:06]} 6. Be3 {[%emt 0:00:20]} Bg7 {[%emt 0:00:11]} 7. f3 {[%emt 0:00:04]} O-O {[%emt 0:00:06]} 8. Qd2 {[%emt 0:00:03]} Nc6 {[%emt 0:00:11]} 9. O-O-O {[%emt 0:00:07]} d5 {[%emt 0:00:19]} 10. Qe1 {[%emt 0:00:17]} e5 {[%emt 0:03:59]} 11. Nxc6 {[%emt 0:00:06]} bxc6 {[%emt 0:00:05]} 12. exd5 {[%emt 0:00:05]} Nxd5 {[%emt 0:00:09]} 13. Bc4 {[%emt 0:00:20]} Be6 {[%emt 0:00:12]} 14. Ne4 {[%emt 0:00:06]} Qc7 {[%emt 0:01:18]} 15. Bc5 {[%emt 0:00:09]} Rfd8 {[%emt 0:00:12]} 16. Qh4 {[%emt 0:00:07]} h6 {[%emt 0:01:20]} 17. g4 {[%emt 0:00:05]} Nf4 {[%emt 0:01:40]} 18. Bxe6 {[%emt 0:03:15]} Nxe6 {[%emt 0:01:05]} 19. Be3 {[%emt 0:00:48]} Nf4 {[%emt 0:04:59]} 20. Qf2 {[%emt 0:02:55]} Rd5 {[%emt 0:10:27]} 21. Rd2 {[%emt 0:06:24]} Qa5 {[%emt 0:07:19]} 22. Kb1 {[%emt 0:03:39]} Rb8 {[%emt 0:07:16]} 23. c4 {[%emt 0:01:01]} Rd3 {[%emt 0:13:29]} 24. Bxf4 {[%emt 0:10:13]} Ra3 {[%emt 0:00:29]} 25. Qc5 {[%emt 0:01:33]} exf4 {[%emt 0:03:25]} 26. Qxa5 {[%emt 0:00:09]} Rxa5 {[%emt 0:00:03]} 27. Rhd1 {[%emt 0:00:07]} f5 {[%emt 0:00:35]} 28. gxf5 {[%emt 0:01:00]} Rxf5 {[%emt 0:00:10]} 29. b3 {[%emt 0:00:30]} Rh5 {[%emt 0:05:06]} 30. Rg2 {[%emt 0:00:25]} g5 {[%emt 0:02:02]} 31. Rd6 {[%emt 0:00:05]} Rh3 {[%emt 0:01:59]} 32. Rf2 {[%emt 0:07:06]} a5 {[%emt 0:04:00]} 33. Rxc6 {[%emt 0:01:41]} a4 {[%emt 0:00:34]} 34. Kc2 {[%emt 0:00:56]} axb3+ {[%emt 0:00:19]} 35. axb3 {[%emt 0:00:06]} Ra8 {[%emt 0:01:27]} 36. Kd3 {[%emt 0:08:08]} Ra1 {[%emt 0:00:58]} 37. c5 {[%emt 0:02:26]} g4 {[%emt 0:04:44]} 38. Rg6 {[%emt 0:08:09]} Rxf3+ {[%emt 0:04:40]} 39. Rxf3 {[%emt 0:00:08]} gxf3 {[%emt 0:00:03]} 40. Rg4 {[%emt 0:00:13]} Rd1+ {[%emt 0:03:11]} 41. Nd2 {[%emt 0:02:12]} Rc1 {[%emt 0:00:32]} 42. Rxf4 {[%emt 0:00:48]} Rxc5 {[%emt 0:03:40]} 43. Rxf3 {[%emt 0:00:07]} Rc3+ {[%emt 0:03:43]} 44. Ke4 {[%emt 0:01:02]} Rc2 {[%emt 0:00:23]} 45. Rd3 {[%emt 0:00:31]} Kf7 {[%emt 0:00:16]} 46. Kd5 {[%emt 0:00:37]} Rc3 {[%emt 0:01:50]} 47. Rxc3 {[%emt 0:00:22]} Bxc3 {[%emt 0:00:00]} 48. Ne4 {[%emt 0:00:14]} Be1 {[%emt 0:00:30]} 49. Nc5 {[%emt 0:01:20]} Kg6 {[%emt 0:01:08]} 50. Nd3 {[%emt 0:00:29]} Bd2 {[%emt 0:00:20]} 51. Ke4 {[%emt 0:00:35]} Kg5 {[%emt 0:00:32]} 52. Kf3 {[%emt 0:00:16]} Kf5 {[%emt 0:00:36]} 53. b4 {[%emt 0:00:10]} Bc3 {[%emt 0:00:31]} 54. b5 {[%emt 0:00:20]} Bd4 {[%emt 0:00:14]} 55. h3 {[%emt 0:00:35]} Bb6 {[%emt 0:01:49]} 56. Nb2 {[%emt 0:00:13]} Ke6 {[%emt 0:00:56]} 57. Ke4 {[%emt 0:02:02]} Bg1 {[%emt 0:01:02]} 58. Nc4 {[%emt 0:01:30]} Bh2 {[%emt 0:00:19]} 59. b6 {[%emt 0:03:51]} h5 {[%emt 0:01:59]} 60. Kd4 {[%emt 0:05:45]} Bg1+ {[%emt 0:01:52]} 61. Ke4 {[%emt 0:00:47]} Bh2 {[%emt 0:00:04]} 62. Nd2 {[%emt 0:02:59]} Kd6 {[%emt 0:02:36]} 63. Nf1 {[%emt 0:02:16]} Bg1 {[%emt 0:00:23]} 64. Ne3 {[%emt 0:00:13]} Kc6 {[%emt 0:00:10]} 65. Nd5 {[%emt 0:00:06]} h4 {[%emt 0:00:51]} 66. Ke5 {[%emt 0:00:15]} Bxb6 {[%emt 0:00:44]} 67. Nxb6 {[%emt 0:00:07]} Kxb6 {[%emt 0:00:02]} 68. Kf5 {[%emt 0:00:06]} Kc6 {[%emt 0:00:07]} 69. Kg5 {[%emt 0:00:05]} Kd6 {[%emt 0:00:06]} 70. Kxh4 {[%emt 0:00:05]} Ke6 {[%emt 0:00:06]} 71. Kg5 {[%emt 0:00:03]} Kf7 {[%emt 0:00:04]} 1/2-1/2

[Event "XLI Barbera del Valles Open 2018"]
[Site "Barbera del Valles"]
[Date "2018.07.04"]
[Round "1"]
[White "Munoz, Miguel"]
[Black "Sapale Saloni"]
[Result "1-0"]
[WhiteElo "2500"]
[BlackElo "2145"]
[Annotator "ChessBase"]
[PlyCount "99"]
[EventDate "2018.07.04"]
[EventType "swiss"]
[EventCountry "ESP"]
[SourceTitle "playchess.com"]
[Source "ChessBase"]
[SourceQuality "1"]
[TimeControl "5400+30"]

1. e4 {[%emt 0:12:16]} e6 {[%emt 0:01:34]} 2. d4 {[%emt 0:00:25]} d5 {[%emt 0:00:08]} 3. Nd2 h6 {[%emt 0:00:12]} 4. Ngf3 {[%emt 0:01:06]} Nf6 {[%emt 0:00:09]} 5. Bd3 {[%emt 0:00:39]} c5 {[%emt 0:00:19]} 6. exd5 {[%emt 0:04:18]} exd5 {[%emt 0:04:54]} 7. Qe2+ Be7 {[%emt 0:02:22]} 8. dxc5 {[%emt 0:00:43]} O-O {[%emt 0:00:10]} 9. Nb3 {[%emt 0:00:09]} Bxc5 {[%emt 0:10:06]} 10. Nxc5 {[%emt 0:00:31]} Qa5+ {[%emt 0:00:12]} 11. c3 {[%emt 0:01:13]} Qxc5 {[%emt 0:00:07]} 12. O-O {[%emt 0:03:07]} Nc6 {[%emt 0:06:34]} 13. Bf4 {[%emt 0:22:55]} Re8 {[%emt 0:19:11]} 14. Qd2 Ne4 {[%emt 0:01:19]} 15. Qc2 {[%emt 0:01:52]} Bg4 {[%emt 0:03:32]} 16. Be3 {[%emt 0:00:00]} Qd6 {[%emt 0:14:27]} 17. Nd4 {[%emt 0:02:59]} Nxd4 {[%emt 0:03:02]} 18. Bxd4 {[%emt 0:13:05]} Nc5 {[%emt 0:03:21]} 19. Rfe1 Nxd3 {[%emt 0:00:29]} 20. Qxd3 {[%emt 0:00:50]} a6 {[%emt 0:08:01]} 21. Bxg7 {[%emt 0:06:31]} Qf4 {[%emt 0:00:33]} 22. Bd4 {[%emt 0:06:12]} Bf5 {[%emt 0:05:43]} 23. Qd1 {[%emt 0:02:37]} Kh7 {[%emt 0:10:08]} 24. Qh5 {[%emt 0:02:36]} Be6 {[%emt 0:02:25]} 25. Re3 {[%emt 0:01:39]} Rg8 {[%emt 0:01:33]} 26. Rf3 {[%emt 0:03:38]} Qc7 {[%emt 0:00:37]} 27. Re1 {[%emt 0:00:19]} Rg5 {[%emt 0:00:25]} 28. Qh4 {[%emt 0:00:24]} Rag8 {[%emt 0:01:37]} 29. Rg3 Rxg3 {[%emt 0:00:05]} 30. hxg3 {[%emt 0:01:17]} Rg6 {[%emt 0:01:01]} 31. f4 f5 {[%emt 0:00:18]} 32. g4 {[%emt 0:04:18]} Qf7 {[%emt 0:00:05]} 33. gxf5 {[%emt 0:02:47]} Qxf5 {[%emt 0:00:45]} 34. Re5 {[%emt 0:00:14]} Qc2 {[%emt 0:00:18]} 35. Qe7+ {[%emt 0:07:48]} Kg8 {[%emt 0:00:42]} 36. Bf2 {[%emt 0:00:10]} Qd1+ {[%emt 0:00:04]} 37. Re1 {[%emt 0:00:12]} Qg4 {[%emt 0:01:07]} 38. g3 Qh3 {[%emt 0:00:05]} 39. Re3 {[%emt 0:01:03]} Qg4 40. Qe8+ Kh7 {[%emt 0:00:51]} 41. Qe7+ {[%emt 0:01:30]} Kg8 {[%emt 0:00:05]} 42. Qxb7 {[%emt 0:00:31]} Qd1+ {[%emt 0:01:37]} 43. Be1 d4 {[%emt 0:00:33]} 44. Qa8+ {[%emt 0:01:28]} Kh7 45. Qa7+ {[%emt 0:00:09]} Rg7 {[%emt 0:01:07]} 46. Qxd4 {[%emt 0:00:37]} Rxg3+ {[%emt 0:00:03]} 47. Rxg3 {[%emt 0:00:09]} Qxe1+ 48. Kh2 Qe2+ {[%emt 0:01:15]} 49. Rg2 {[%emt 0:00:40]} Qh5+ {[%emt 0:00:15]} 50. Kg1 1-0

[Event "XLI Barbera del Valles Open 2018"]
[Site "Barbera del Valles"]
[Date "2018.07.04"]
[Round "1"]
[White "Manolache, Marius"]
[Black "Rueda Marquez, David J"]
[Result "1-0"]
[WhiteElo "2494"]
[BlackElo "2110"]
[Annotator "ChessBase"]
[PlyCount "55"]
[EventDate "2018.07.04"]
[EventType "swiss"]
[EventCountry "ESP"]
[SourceTitle "playchess.com"]
[Source "ChessBase"]
[SourceQuality "1"]
[TimeControl "5400+30"]

1. d4 {[%emt 0:00:00]} f5 {[%emt 0:00:00]} 2. Nc3 {[%emt 0:00:00]} Nf6 {[%emt 0:00:00]} 3. Bg5 {[%emt 0:00:00]} d5 {[%emt 0:00:00]} 4. Bxf6 {[%emt 0:00:01]} exf6 {[%emt 0:00:05]} 5. e3 {[%emt 0:00:06]} Be6 {[%emt 0:00:11]} 6. Bb5+ {[%emt 0:00:16]} c6 {[%emt 0:00:13]} 7. Bd3 {[%emt 0:00:07]} Qb6 {[%emt 0:00:13]} 8. Nge2 {[%emt 0:00:18]} Bd6 {[%emt 0:20:17]} 9. Na4 {[%emt 0:01:28]} Qc7 {[%emt 0:05:12]} 10. Qd2 {[%emt 0:00:10]} Nd7 {[%emt 0:08:54]} 11. Nf4 {[%emt 0:00:38]} Bxf4 {[%emt 0:00:41]} 12. exf4 {[%emt 0:00:06]} O-O-O {[%emt 0:03:18]} 13. O-O {[%emt 0:00:58]} g6 {[%emt 0:06:45]} 14. b4 {[%emt 0:00:32]} h5 {[%emt 0:01:15]} 15. Rfb1 {[%emt 0:01:08]} b6 {[%emt 0:10:32]} 16. Nc5 {[%emt 0:05:02]} bxc5 {[%emt 0:00:05]} 17. Ba6+ {[%emt 0:00:05]} Kb8 {[%emt 0:00:03]} 18. bxc5+ {[%emt 0:00:06]} Ka8 {[%emt 0:00:05]} 19. Bb7+ {[%emt 0:00:12]} Qxb7 {[%emt 0:00:03]} 20. Rxb7 {[%emt 0:00:06]} Kxb7 {[%emt 0:00:03]} 21. Qe2 {[%emt 0:00:21]} Rhe8 {[%emt 0:13:41]} 22. Rb1+ {[%emt 0:00:11]} Kc7 {[%emt 0:06:52]} 23. Qa6 {[%emt 0:00:06]} Rb8 {[%emt 0:04:57]} 24. Qxa7+ {[%emt 0:00:07]} Kc8 {[%emt 0:00:05]} 25. Rb6 {[%emt 0:00:18]} Bg8 {[%emt 0:13:20]} 26. Rxc6+ {[%emt 0:02:10]} Kd8 {[%emt 0:00:05]} 27. Qc7+ {[%emt 0:01:14]} Ke7 {[%emt 0:00:03]} 28. h4 {[%emt 0:01:28]} 1-0

[Event "XLI Barbera del Valles Open 2018"]
[Site "Barbera del Valles"]
[Date "2018.07.04"]
[Round "1"]
[White "Del Amo Carbo, Jordi"]
[Black "Guseinov, Gadir"]
[Result "0-1"]
[WhiteElo "2196"]
[BlackElo "2654"]
[Annotator "TA"]
[PlyCount "100"]
[EventDate "2018.07.04"]
[EventType "swiss"]
[EventCountry "ESP"]
[SourceTitle "playchess.com"]
[Source "ChessBase"]
[SourceQuality "1"]

{[%evp 20,100,27,21,4,-23,-15,-63,-62,-61,-37,-35,-38,-36,-40,-46,-55,-50,-46,-78,-78,-78,-71,-62,-81,-106,-102,-119,-112,-106,-110,-110,-80,-121,-119,-127,-119,-123,-114,-127,-120,-126,-127,-125,-122,-126,-127,-131,-127,-154,-145,-160,-122,-181,-180,-314,-304,-287,-278,-278,-278,-334,-207,-397,-397,-397,-392,-421,-319,-316,-310,-309,-245,-660,-660,-656,-641,-771,-676,-29965,-29970,-29974,-29975]} 1. d4 g6 2. Nf3 Bg7 3. g3 d6 4. Bg2 Nd7 5. O-O e5 6. c4 Ne7 {A41: 1 d4 d6: Tartakower System and Modern Defence} (6... exd4 7. Nxd4 Ne7 8. Nc3 O-O 9. Bf4 a6 10. Qd2 Ne5 11. b3 Rb8 12. Rad1 Nf5 13. Nxf5 Bxf5 14. Nd5 {1-0 (31) Ding,L (2777)-Mamedov,R (2709) Huaian 2017}) 7. dxe5 dxe5 8. Nc3 O-O 9. Qc2 Nf5 10. Rd1 Nd4 11. Nxd4 {LiveBook: 15 Games} exd4 12. Nd5 $146 ({Predecessor:} 12. Ne4 Qe7 13. c5 Ne5 14. Rxd4 Nf3+ 15. Bxf3 Bxd4 16. Bg5 {0-1 (55) Iturrizaga Bonelli,E (2652)-Stefanova,A (2512) Caleta 2017}) 12... Nc5 13. Nf4 Re8 14. Nd3 Qe7 15. Bd2 a5 16. Nxc5 Qxc5 17. e3 Bg4 18. Re1 Rad8 19. Qc1 c6 20. Rb1 dxe3 21. Bxe3 Qb4 22. a3 Qb3 $1 {And now ...Bf5 would win.} 23. Bg5 Ra8 24. Be4 Be6 25. c5 a4 26. Qf4 Qc4 27. Bf6 Bxf6 28. Qxf6 Qxc5 29. Rbd1 Bb3 30. Rd7 Qe5 31. Qxe5 Rxe5 32. Re3 Rb5 33. Bd3 Rb6 $36 {[%mdl 2048] Black is in control.} 34. Ree7 Rb8 $1 35. Re2 Bd5 36. f4 {[#]} (36. Rd2 $17 {was worth a try.}) 36... Kf8 $1 $19 37. Rde7 (37. f5 {is a better defense.}) 37... Rxb2 {Strongly threatening ...Rb3.} 38. Rxf7+ Kxf7 39. Rxb2 {[%mdl 4096] Endgame KRB-KRB} b5 40. Kf2 Bb3 41. f5 $2 (41. Bc2 {keeps fighting.}) 41... c5 {[%cal Bc6c5,Bc5c4,Bc4c3][%mdl 32]} 42. fxg6+ hxg6 43. Ke3 c4 44. Rf2+ Kg7 45. Be4 c3 46. Kd4 $2 {[#]} (46. Rf1) 46... b4 $1 47. axb4 Rxb4+ 48. Ke3 a3 {[%cal Ba4a3,Ba3a2][%mdl 32]} 49. Bb1 {[#]} c2 $1 {[%mdl 512]} 50. Bxc2 a2 {Precision: White = 40%, Black = 91%.} 0-1

[Event "XLI Barbera del Valles Open 2018"]
[Site "Barbera del Valles"]
[Date "2018.07.04"]
[Round "1"]
[White "Samant Aditya S"]
[Black "Guliyev, Namig"]
[Result "1-0"]
[WhiteElo "2191"]
[BlackElo "2545"]
[Annotator "TA"]
[PlyCount "90"]
[EventDate "2018.07.04"]
[EventType "swiss"]
[EventCountry "ESP"]
[SourceTitle "playchess.com"]
[Source "ChessBase"]
[SourceQuality "1"]

{[%evp 29,90,59,57,76,89,83,123,120,111,127,122,119,119,122,128,117,171,162,169,158,163,156,151,143,179,174,444,444,444,444,444,444,444,405,444,444,444,443,598,597,568,568,700,823,818,816,808,799,802,793,774,771,752,733,3301,3041,29963,29968,29973,29974,29985,29986,29992]} 1. e4 c5 2. Nf3 e6 3. d4 cxd4 4. Nxd4 Nf6 5. Nc3 d6 6. g4 h6 7. h4 Nc6 8. Rg1 h5 9. gxh5 Nxh5 10. Bg5 Nf6 11. Be2 Bd7 {B81: Sizilianisch (Keres-Angriff)} 12. h5 a6 13. Qd2 Qb6 14. Nb3 Nxh5 15. Rh1 g6 {LiveBook: 19 Partien} 16. O-O-O Qxf2 {[#]} 17. e5 $1 {[%mdl 512]} Qf5 (17... Nxe5 18. Ne4) 18. exd6 Qxg5 19. Qxg5 Bh6 20. Qxh6 $1 ({Falsch wäre} 20. Rxh5 $2 gxh5 21. Qxh6 Rxh6 $19) 20... Rxh6 {[#]} 21. Na4 $1 Ne5 22. Nb6 $146 {[%mdl 1024] Weiss hat starke Kompensation.} Rd8 (22... Rb8 $16) 23. Nc5 Bc6 {[#]} 24. Rh3 $1 Rh7 25. Re3 $36 {[%mdl 2048] Schwarz muss aufpassen.} Nd7 26. Nbxd7 Rxd7 27. Nxd7 Bxd7 $2 (27... Kxd7 {ist eine bessere Verteidigung.} 28. Bf3 Bxf3 29. Rxf3 f5) 28. Bf3 $18 b5 29. Ra3 f5 30. Rxa6 Nf6 31. Re1 Kf7 32. Bc6 Bxc6 33. Rxc6 {[%mdl 4096] Endspiel Tc7+ ist eine echte Drohung. KTT-KTS} Nd7 34. Rc7 Kf6 35. a4 {[%cal Ba2a4,Ba4b5,Bb5b6,Bb6b7][%mdl 32]} e5 36. axb5 Ke6 {[#]} 37. b6 $1 Rh8 (37... Nxb6 38. Rxh7) 38. b7 Rb8 39. Rd1 e4 40. c4 {[%cal Bc2c4,Bc4c5,Bc5c6,Bc6d7][%mdl 32]} e3 41. c5 {Droht c6 und aus.} f4 42. c6 e2 43. cxd7 {Weiß setzt Matt.} exd1=Q+ 44. Kxd1 f3 45. Rc8 Kd5 {Precision: Weiß = 100%, Schwarz = 61%.} 1-0

[Event "XLI Barbera del Valles Open 2018"]
[Site "Barbera del Valles"]
[Date "2018.07.04"]
[Round "1"]
[White "Nieto Farreny, Francesc"]
[Black "Asis, Tommy"]
[Result "1/2-1/2"]
[WhiteElo "2177"]
[BlackElo "2538"]
[Annotator "ChessBase"]
[PlyCount "130"]
[EventDate "2018.07.04"]
[EventType "swiss"]
[EventCountry "ESP"]
[SourceTitle "playchess.com"]
[Source "ChessBase"]
[SourceQuality "1"]
[TimeControl "5400+30"]

1. d4 {[%emt 0:00:00]} Nf6 2. c4 {[%emt 0:00:00]} e6 {[%emt 0:00:00]} 3. Nc3 {[%emt 0:00:00]} Bb4 {[%emt 0:00:00]} 4. e3 {[%emt 0:00:36]} O-O {[%emt 0:00:27]} 5. Nge2 {[%emt 0:01:14]} Re8 {[%emt 0:00:49]} 6. a3 {[%emt 0:00:37]} Bf8 {[%emt 0:01:20]} 7. d5 {[%emt 0:03:46]} a5 {[%emt 0:01:31]} 8. Ng3 {[%emt 0:03:39]} Na6 {[%emt 0:12:01]} 9. Be2 {[%emt 0:05:41]} Nc5 {[%emt 0:05:41]} 10. b3 {[%emt 0:12:41]} d6 {[%emt 0:17:56]} 11. O-O {[%emt 0:00:57]} exd5 {[%emt 0:17:48]} 12. cxd5 {[%emt 0:10:18]} g6 {[%emt 0:14:50]} 13. Qc2 {[%emt 0:35:18]} h5 {[%emt 0:00:35]} 14. Bb5 {[%emt 0:00:24]} Bd7 {[%emt 0:00:05]} 15. Bxd7 {[%emt 0:02:44]} Qxd7 {[%emt 0:06:52]} 16. f3 {[%emt 0:02:14]} Bg7 {[%emt 0:11:30]} 17. Rb1 {[%emt 0:08:08]} c6 {[%emt 0:00:34]} 18. b4 h4 19. Nge2 {[%emt 0:04:19]} axb4 {[%emt 0:00:56]} 20. axb4 {[%emt 0:00:02]} Na6 {[%emt 0:00:15]} 21. Rd1 {[%emt 0:00:55]} c5 {[%emt 0:01:20]} 22. bxc5 {[%emt 0:00:40]} Nxc5 {[%emt 0:01:20]} 23. e4 {[%emt 0:01:49]} Rac8 {[%emt 0:01:27]} 24. Qd2 {[%emt 0:01:29]} h3 {[%emt 0:01:21]} 25. g4 Na4 {[%emt 0:00:05]} 26. Nxa4 {[%emt 0:02:59]} Qxa4 {[%emt 0:01:15]} 27. Rb4 {[%emt 0:00:44]} Qa7+ {[%emt 0:00:23]} 28. Qe3 {[%emt 0:00:39]} Qa5 29. Qb6 {[%emt 0:00:01]} Qxb6+ {[%emt 0:02:14]} 30. Rxb6 {[%emt 0:01:33]} Rc2 {[%emt 0:00:10]} 31. Kf1 {[%emt 0:00:55]} Ra8 32. Rd2 Rxd2 {[%emt 0:01:14]} 33. Bxd2 {[%emt 0:00:31]} Ra2 {[%emt 0:00:07]} 34. Bc3 Nh7 35. Bxg7 {[%emt 0:00:49]} Kxg7 {[%emt 0:01:03]} 36. Rxb7 {[%emt 0:00:03]} Ra3 {[%emt 0:00:00]} 37. Kf2 {[%emt 0:01:12]} Ng5 {[%emt 0:00:00]} 38. Nd4 {[%emt 0:01:18]} Kf6 {[%emt 0:00:42]} 39. Kg3 {[%emt 0:00:24]} Rd3 40. Rb4 {[%emt 0:00:05]} Nxe4+ {[%emt 0:01:12]} 41. Kxh3 {[%emt 0:00:36]} Nc3 {[%emt 0:00:59]} 42. Rb3 {[%emt 0:00:27]} Ke5 {[%emt 0:00:15]} 43. Nc6+ {[%emt 0:01:00]} Kf4 44. Nd4 {[%emt 0:00:01]} Ke3 {[%emt 0:01:43]} 45. Nb5 Nxb5 {[%emt 0:00:11]} 46. Rxb5 {[%emt 0:00:31]} Kxf3 {[%emt 0:00:49]} 47. Rb7 {[%emt 0:01:36]} f5 {[%emt 0:00:49]} 48. Rg7 Kf4+ 49. Kh4 {[%emt 0:00:43]} fxg4 {[%emt 0:01:04]} 50. Rf7+ {[%emt 0:00:00]} Ke5 {[%emt 0:00:00]} 51. Kxg4 Kxd5 {[%emt 0:00:00]} 52. Rg7 {[%emt 0:00:53]} Rd2 53. Kf3 {[%emt 0:00:11]} Rxh2 {[%emt 0:00:43]} 54. Rxg6 Kc5 {[%emt 0:00:00]} 55. Ke3 {[%emt 0:00:44]} d5 56. Rg8 {[%emt 0:00:27]} Rh3+ {[%emt 0:00:27]} 57. Kd2 {[%emt 0:00:12]} Kc4 58. Rd8 {[%emt 0:01:32]} Rh2+ {[%emt 0:00:12]} 59. Ke3 {[%emt 0:00:04]} Rh3+ {[%emt 0:00:06]} 60. Kd2 {[%emt 0:00:02]} Kd4 {[%emt 0:00:00]} 61. Rd7 Rh2+ {[%emt 0:00:00]} 62. Kd1 {[%emt 0:00:55]} Kc4 {[%emt 0:00:00]} 63. Rg7 d4 64. Rg3 {[%emt 0:02:29]} d3 {[%emt 0:00:26]} 65. Rg8 Kd5 1/2-1/2